Riconosci il Pokémon - Quiz n°165 - Statistics

Statistiche generali
  • Questo quiz è stato fatto 1 volte
  • Il punteggio medio è 2 su 10
Statistiche sulle risposte
Indizio Risposta % Corretto
Tipo Normale
100%
Generazione Quinta
100%
Altezza 0,5 m
0%
Sesso 25% ♂, 75% ♀
0%
Tasso di cattura 60 (14.8%)
0%
Peso 7,5 kg
0%
Pokémon Cinccino
0%
Abilità Incantevole, Tecnico; Abillegame
0%
Stadio evoluzione Prima evoluzione
0%
Tasso di allevamento Veloce
0%
Nessun quiz corrispondente trovato
Distribuzione punteggi
Percentuale di utenti per punteggio
Percentile per numero di risposta
I tuoi punteggi nel tempo
Non hai fatto questo quiz